[Event "BUL-ch"]
[Site "Sofia"]
[Date "2023.01.23"]
[Round "4"]
[White "Stoyanov, Tsvetan"]
[Black "Ivelinov, Hristo"]
[Result "1-0"]
[WhiteElo "2446"]
[BlackElo "2216"]
[PlyCount "61"]
[EventDate "2023.01.21"]
[EventType "swiss"]
[EventRounds "9"]
[EventCountry "BUL"]
[SourceTitle "CBM 212 Extra"]
[Source "ChessBase"]
[SourceDate "2023.03.31"]
[SourceVersion "1"]
[SourceVersionDate "2023.03.31"]
[SourceQuality "1"]

1. e4 d6 2. d4 Nf6 3. Nc3 e5 4. Nf3 Nbd7 5. Bc4 Be7 6. 0-0 0-0 7. Re1 c6 8. a4 Qc7 9. h3 Re8 10. Be3 Nf8 11. Ng5 Ne6 12. Nxe6 Bxe6 13. Bxe6 fxe6 14. dxe5 dxe5 15. Qe2 Qa5 16. Qc4 Bb4 17. Red1 Rac8 18. Ne2 a6 19. Nc1 b5 20. Qe2 Nxe4 21. Nb3 Qc7 22. Qg4 Nf6 23. Qxb4 c5 24. Qxc5 Qf7 25. Qxe5 Rxc2 26. axb5 axb5 27. Ra7 Qh5 28. Qxh5 Nxh5 29. Rdd7 Rxb2 30. Nc5 e5 31. g4 1-0

[Event "Kesarovski Georgiev Memorial 14th"]
[Site "Sunny Beach"]
[Date "2015.09.12"]
[Round "8"]
[White "Ivelinov, Hristo"]
[Black "Stefanov, Emil"]
[Result "0-1"]
[WhiteElo "2209"]
[BlackElo "2241"]
[PlyCount "54"]
[EventDate "2015.09.05"]
[EventType "swiss"]
[EventRounds "9"]
[EventCountry "BUL"]
[SourceTitle "EXT 2016"]
[Source "ChessBase"]
[SourceDate "2015.10.08"]
[SourceVersion "1"]
[SourceVersionDate "2015.10.08"]
[SourceQuality "1"]

1. d4 Nf6 2. c4 c5 3. d5 e6 4. Nc3 exd5 5. cxd5 d6 6. Bf4 a6 7. a4 g6 8. Qd2 Bg7 9. Bh6 0-0 10. Bxg7 Kxg7 11. g3 Nbd7 12. Nf3 Rb8 13. Bg2 b5 14. axb5 axb5 15. 0-0 b4 16. Nd1 Qb6 17. Ne3 Ba6 18. Rfc1 Rfc8 19. Nc4 Bxc4 20. Rxc4 Qb5 21. Rh4 h5 22. e4 Re8 23. Re1 Qb6 24. h3 Re7 25. Kh1 Rbe8 26. Ng5 c4 27. f4 Qa5 0-1

[Event "Kesarovski Georgiev Memorial 14th"]
[Site "Sunny Beach"]
[Date "2015.09.06"]
[Round "2"]
[White "Gaehwiler, Gabriel"]
[Black "Ivelinov, Hristo"]
[Result "1-0"]
[WhiteElo "2307"]
[BlackElo "2209"]
[PlyCount "55"]
[EventDate "2015.09.05"]
[EventType "swiss"]
[EventRounds "9"]
[EventCountry "BUL"]
[SourceTitle "EXT 2016"]
[Source "ChessBase"]
[SourceDate "2015.10.08"]
[SourceVersion "1"]
[SourceVersionDate "2015.10.08"]
[SourceQuality "1"]

1. d4 d5 2. c4 c6 3. Nf3 Nf6 4. Nc3 dxc4 5. a4 Na6 6. e4 Bg4 7. Bxc4 Bxf3 8. gxf3 e6 9. 0-0 Nb4 10. Kh1 Be7 11. Rg1 g6 12. Bg5 Ng4 13. Rxg4 Bxg5 14. f4 Bf6 15. Qb3 Qa5 16. d5 exd5 17. exd5 0-0-0 18. dxc6 Nxc6 19. Bxf7 Nd4 20. Qc4+ Kb8 21. Nd5 Rc8 22. Qd3 Bg7 23. f5 Nxf5 24. Be6 Rcf8 25. Rd1 Qc5 26. Rc4 Qxf2 27. Rc7 b6 28. Nb4 1-0

[Event "Varna op-A 9th"]
[Site "Varna"]
[Date "2015.06.26"]
[Round "1"]
[White "Ivelinov, Hristo"]
[Black "Mammadov, Zaur Fazahir Oglu"]
[Result "1/2-1/2"]
[WhiteElo "2210"]
[BlackElo "2500"]
[PlyCount "172"]
[EventDate "2015.06.26"]
[EventType "swiss"]
[EventRounds "9"]
[EventCountry "BUL"]
[SourceTitle "CBM 167 Extra"]
[Source "ChessBase"]
[SourceDate "2015.09.14"]
[SourceVersion "1"]
[SourceVersionDate "2015.09.14"]
[SourceQuality "1"]

1. e4 c6 2. d4 d5 3. f3 e6 4. Nc3 Nf6 5. Bf4 Qb6 6. a3 Nbd7 7. e5 Ng8 8. Na4 Qc7 9. Nh3 Ne7 10. b4 b6 11. Bd3 a5 12. c3 Ng6 13. Bg3 Ba6 14. 0-0 Bxd3 15. Qxd3 Qa7 16. b5 Ne7 17. f4 cxb5 18. Qxb5 Qa6 19. Rfb1 Qxb5 20. Rxb5 Ra6 21. Rab1 Nc8 22. R5b3 g6 23. Bh4 h6 24. Bf6 Rg8 25. Nf2 h5 26. Nd1 Nxf6 27. exf6 g5 28. fxg5 Rxg5 29. Nxb6 a4 30. Rb5 Na7 31. R5b2 Kd8 32. Ne3 Nc6 33. Nc2 Rf5 34. Rb5 Rxf6 35. c4 Na7 36. R5b2 Ra5 37. cxd5 exd5 38. Ne3 Bxa3 39. Ra2 Rb5 40. Rxb5 Nxb5 41. Nxa4 Ra6 42. Nc5 Ra7 43. Nb3 Rd7 44. Rf2 Nc3 45. Rf5 h4 46. Nd2 Bc1 47. Ndf1 Kc7 48. Rf2 Kb7 49. Rc2 Rc7 50. Kf2 Ba3 51. Kf3 Be7 52. Nf5 Bf6 53. N1e3 Rc6 54. Kg4 Bd8 55. Nxh4 Bxh4 56. Kxh4 Rh6+ 57. Kg4 Rg6+ 58. Kf5 Nb5 59. Rb2 Kc6 60. Rd2 Kd6 61. Kf4 Nc7 62. Nf5+ Kd7 63. h4 Ne6+ 64. Kf3 Rg8 65. Ra2 Rd8 66. Ra7+ Ke8 67. Ke3 Rd7 68. Ra8+ Rd8 69. Ra7 Rd7 70. Rxd7 Kxd7 71. Kf3 f6 72. Kg4 Ke8 73. Ne3 Kf7 74. Nxd5 Nxd4 75. Ne3 Kg6 76. h5+ Kh6 77. Kh4 f5 78. Nd5 Nc6 79. Ne3 Nd4 80. Nd5 Nc6 81. Nf4 Nd4 82. Nh3 Ne6 83. g3 Nd4 84. Nf4 Nf3+ 85. Kh3 Ng5+ 86. Kg2 Ne4 1/2-1/2

[Event "Golden Sands op-B"]
[Site "Golden Sands"]
[Date "2015.06.13"]
[Round "6"]
[White "Ivelinov, Hristo"]
[Black "Mylnikova, Olga"]
[Result "1/2-1/2"]
[WhiteElo "2210"]
[BlackElo "2037"]
[PlyCount "67"]
[EventDate "2015.06.08"]
[EventType "swiss"]
[EventRounds "9"]
[EventCountry "BUL"]
[SourceTitle "CBM 167 Extra"]
[Source "ChessBase"]
[SourceDate "2015.09.14"]
[SourceVersion "1"]
[SourceVersionDate "2015.09.14"]
[SourceQuality "1"]

1. d4 d5 2. Nf3 Nf6 3. e3 c6 4. b3 Bg4 5. h3 Bh5 6. g4 Bg6 7. Ne5 Nfd7 8. Nxg6 hxg6 9. Ba3 e5 10. Bxf8 Kxf8 11. Bg2 Na6 12. 0-0 exd4 13. exd4 Nc7 14. f4 Nf6 15. Nd2 Nb5 16. Nf3 Nc3 17. Qd3 Nfe4 18. Ng5 Qd6 19. f5 Nxg5 20. Qxc3 Ne4 21. Qd3 Re8 22. Rae1 gxf5 23. Rxf5 g6 24. Rff1 Kg7 25. Re3 Re7 26. c4 Rhe8 27. c5 Qe6 28. Ref3 Rd7 29. Rf4 b6 30. b4 a5 31. a3 axb4 32. axb4 bxc5 33. bxc5 Rb7 34. Qa6 1/2-1/2

[Event "BUL-chT2 64th"]
[Site "Sunny Beach"]
[Date "2015.06.03"]
[Round "4.1"]
[White "Ivelinov, Hristo"]
[Black "Vutov, M Mario"]
[Result "1/2-1/2"]
[WhiteElo "2210"]
[BlackElo "2349"]
[PlyCount "61"]
[EventDate "2015.05.31"]
[EventType "team-swiss"]
[EventRounds "7"]
[EventCountry "BUL"]
[SourceTitle "CBM 166 Extra"]
[Source "ChessBase"]
[SourceDate "2015.06.18"]
[SourceVersion "1"]
[SourceVersionDate "2015.06.18"]
[SourceQuality "1"]
[WhiteTeam "Yambol Tundzha"]
[BlackTeam "Blagoevgrad Victory"]
[WhiteTeamCountry "BUL"]
[BlackTeamCountry "BUL"]

1. e4 c5 2. g3 d5 3. exd5 Qxd5 4. Nf3 Bg4 5. Bg2 Qe6+ 6. Kf1 Nc6 7. h3 Bh5 8. Nc3 Nf6 9. d3 Qd7 10. g4 Bg6 11. Bf4 e6 12. Ne5 Nxe5 13. Bxe5 Bd6 14. Qe2 Bxe5 15. Qxe5 Rc8 16. Bf3 Qd4 17. Re1 Qxe5 18. Rxe5 0-0 19. b3 b6 20. h4 h6 21. h5 Bh7 22. Rg1 Kh8 23. Re3 Rc7 24. g5 hxg5 25. Rxg5 Ng8 26. Be4 Nh6 27. Rg1 Nf5 28. Bxf5 Bxf5 29. Ke2 Rd7 30. Reg3 Rg8 31. Rh1 1/2-1/2

[Event "BUL-chT2"]
[Site "Sunny Beach"]
[Date "2014.09.24"]
[Round "6.2"]
[White "Bochev, Krasimir"]
[Black "Ivelinov, Hristo"]
[Result "0-1"]
[WhiteElo "2065"]
[BlackElo "2179"]
[PlyCount "78"]
[EventDate "2014.09.19"]
[EventType "team-swiss"]
[EventRounds "7"]
[EventCountry "BUL"]
[SourceTitle "EXT 2015"]
[Source "ChessBase"]
[SourceDate "2014.11.20"]
[SourceVersion "1"]
[SourceVersionDate "2014.11.20"]
[SourceQuality "1"]
[WhiteTeam "Vratsa"]
[BlackTeam "Yambol Tundzha"]
[WhiteTeamCountry "BUL"]
[BlackTeamCountry "BUL"]

1. Nf3 d5 2. g3 g6 3. Bg2 Bg7 4. d4 e6 5. 0-0 Ne7 6. Nbd2 Nbc6 7. c3 f5 8. Ne1 e5 9. dxe5 Nxe5 10. Ndf3 Nf7 11. Nd3 0-0 12. Be3 b6 13. Bd4 c5 14. Bxg7 Kxg7 15. Nfe5 Nxe5 16. Nxe5 Bb7 17. c4 Qc7 18. Nd3 Rfd8 19. Nf4 Qe5 20. Qc2 Bc6 21. e3 dxc4 22. Bxc6 Nxc6 23. Qxc4 Rd6 24. Rad1 Rad8 25. Rxd6 Rxd6 26. Qb3 Rd2 27. Rd1 c4 28. Rxd2 cxb3 29. axb3 Qe7 30. Rc2 Qd6 31. Rc3 g5 32. Rd3 Qe7 33. Nd5 Qe4 34. Rd1 Ne5 35. Nc3 Qc2 36. Rd5 Qxb2 37. Rxe5 Qxc3 38. Re7+ Kf6 39. Rxa7 Qxb3 0-1

[Event "Sunny Beach op-B 13th"]
[Site "Sunny Beach"]
[Date "2014.09.11"]
[Round "6"]
[White "Ivelinov, Hristo"]
[Black "Shishkov, Minko"]
[Result "0-1"]
[WhiteElo "2179"]
[BlackElo "2293"]
[PlyCount "47"]
[EventDate "2014.09.06"]
[EventType "swiss"]
[EventRounds "9"]
[EventCountry "BUL"]
[SourceTitle "CBM 162 Extra"]
[Source "ChessBase"]
[SourceDate "2014.10.17"]
[SourceVersion "1"]
[SourceVersionDate "2014.10.17"]
[SourceQuality "1"]

1. d4 Nf6 2. c4 d6 3. Nc3 e5 4. Nf3 e4 5. Ng5 Qe7 6. h4 h6 7. Nh3 g6 8. Nf4 c6 9. e3 Na6 10. b3 Bg7 11. Ba3 0-0 12. c5 d5 13. Bxa6 bxa6 14. Qe2 a5 15. Qd2 h5 16. 0-0-0 Bh6 17. Rdf1 Ng4 18. Kb1 Rb8 19. Bc1 Re8 20. Ka1 Kh7 21. Qe1 Rb7 22. Bd2 Bf5 23. Qc1 Qd8 24. Qa3 0-1

[Event "Sunny Beach op-B 13th"]
[Site "Sunny Beach"]
[Date "2014.09.10"]
[Round "5"]
[White "Ivelinov, Hristo"]
[Black "Galunov, Todor"]
[Result "1/2-1/2"]
[WhiteElo "2179"]
[BlackElo "2281"]
[PlyCount "55"]
[EventDate "2014.09.06"]
[EventType "swiss"]
[EventRounds "9"]
[EventCountry "BUL"]
[SourceTitle "CBM 162 Extra"]
[Source "ChessBase"]
[SourceDate "2014.10.17"]
[SourceVersion "1"]
[SourceVersionDate "2014.10.17"]
[SourceQuality "1"]

1. d4 d5 2. Nf3 Nf6 3. e3 c6 4. Bd3 Bg4 5. h3 Bh5 6. g4 Bg6 7. Ne5 Bxd3 8. Qxd3 Nbd7 9. Nd2 Nxe5 10. dxe5 Nd7 11. f4 e6 12. 0-0 h5 13. g5 g6 14. b3 Be7 15. Bb2 0-0 16. c4 Rc8 17. cxd5 Nc5 18. Qe2 cxd5 19. Rfd1 Qa5 20. a3 Qa6 21. Qxa6 Nxa6 22. b4 Rc2 23. Bd4 b6 24. Nb3 Rfc8 25. Rac1 Bf8 26. Rxc2 Rxc2 27. Rc1 Rxc1+ 28. Nxc1 1/2-1/2

[Event "Varna op-B 8th"]
[Site "Varna"]
[Date "2014.06.23"]
[Round "5"]
[White "Ivelinov, Hristo"]
[Black "Angelov, Angel"]
[Result "1/2-1/2"]
[WhiteElo "2190"]
[BlackElo "2105"]
[PlyCount "52"]
[EventDate "2014.06.19"]
[EventType "swiss"]
[EventRounds "9"]
[EventCountry "BUL"]
[SourceTitle "CBM 161 Extra"]
[Source "ChessBase"]
[SourceDate "2014.08.29"]
[SourceVersion "1"]
[SourceVersionDate "2014.08.29"]
[SourceQuality "1"]

1. d4 d6 2. c4 e5 3. Nf3 Nd7 4. Nc3 Ngf6 5. e4 exd4 6. Nxd4 g6 7. g3 Bg7 8. Bg2 0-0 9. 0-0 Re8 10. h3 c6 11. Nb3 Qe7 12. Re1 a5 13. a3 a4 14. Nd4 Nb6 15. Qd3 Nfd7 16. Nf3 Nc5 17. Qf1 Nb3 18. Rb1 Nxc1 19. Rbxc1 Ra5 20. Nd2 Qe5 21. Kh2 Be6 22. f4 Qd4 23. Rcd1 Qf6 24. c5 dxc5 25. e5 Qe7 26. Nce4 Rd8 1/2-1/2

[Event "Varna op 7th"]
[Site "Varna"]
[Date "2013.06.27"]
[Round "9"]
[White "Georgiev, Konstantin"]
[Black "Ivelinov, Hristo"]
[Result "0-1"]
[WhiteElo "1952"]
[BlackElo "2180"]
[PlyCount "42"]
[EventDate "2013.06.19"]
[EventType "swiss"]
[EventRounds "9"]
[EventCountry "BUL"]
[SourceTitle "CBM 155 Extra"]
[Source "ChessBase"]
[SourceDate "2013.08.26"]
[SourceVersion "1"]
[SourceVersionDate "2013.08.26"]
[SourceQuality "1"]

1. d4 c5 2. dxc5 e6 3. Nf3 Bxc5 4. e3 Nf6 5. Nbd2 b6 6. Be2 Bb7 7. 0-0 0-0 8. c3 Nc6 9. Qc2 Rc8 10. Rd1 Qc7 11. Nb3 Be7 12. Bd2 Ne5 13. Nfd4 Neg4 14. Bxg4 Nxg4 15. g3 f5 16. Rf1 Rf6 17. h4 Rh6 18. Nb5 Qc6 19. f3 Qxb5 20. fxg4 Qe2 21. Rf2 Qxg4 0-1

[Event "Varna op 7th"]
[Site "Varna"]
[Date "2013.06.25"]
[Round "7"]
[White "Filip, Lucian Ioan"]
[Black "Ivelinov, Hristo"]
[Result "1/2-1/2"]
[WhiteElo "2458"]
[BlackElo "2180"]
[PlyCount "189"]
[EventDate "2013.06.19"]
[EventType "swiss"]
[EventRounds "9"]
[EventCountry "BUL"]
[SourceTitle "CBM 155 Extra"]
[Source "ChessBase"]
[SourceDate "2013.08.26"]
[SourceVersion "1"]
[SourceVersionDate "2013.08.26"]
[SourceQuality "1"]

1. Nf3 d5 2. d4 e6 3. c4 g6 4. Nc3 Bg7 5. Bf4 Ne7 6. e3 c6 7. Be2 0-0 8. Qc2 Nd7 9. 0-0 f5 10. c5 h6 11. h4 Kh7 12. g3 Bf6 13. Kg2 Qe8 14. Rh1 Ng8 15. Bd6 Be7 16. Bc7 Bf6 17. Ne5 Bd8 18. Bxd8 Qxd8 19. f4 Ngf6 20. b4 Ne4 21. Nxe4 fxe4 22. Rhf1 Nxe5 23. fxe5 Bd7 24. Rxf8 Qxf8 25. Rf1 Qe7 26. Qa4 h5 27. Rf6 Rg8 28. Qxa7 Be8 29. Qb8 g5 30. Qd6 Qg7 31. Qxe6 gxh4 32. Qf5+ Kh8 33. Qf4 Qxg3+ 34. Qxg3 Rxg3+ 35. Kf2 Kg7 36. Rf4 Rh3 37. Bf1 Rh2+ 38. Kg1 Rxa2 39. e6 Ra3 40. Kf2 Ra2+ 41. Kg1 Ra3 42. e7 Bf7 43. Bh3 Ra1+ 44. Kg2 Ra2+ 45. Kg1 Ra1+ 46. Kf2 Ra2+ 47. Ke1 Ra1+ 48. Kd2 Ra2+ 49. Kc1 Ra8 50. Bd7 h3 51. Rh4 Kf6 52. e8Q Bxe8 53. Bxe8 Rxe8 54. Rxh5 Ke6 55. Rxh3 Re7 56. Rh6+ Kd7 57. b5 Re6 58. Rh7+ Re7 59. Rh5 Kc7 60. Kd2 Rd7 61. Kc3 Rf7 62. Kb4 cxb5 63. Kxb5 Rd7 64. Rf5 Rh7 65. Rxd5 Rh3 66. Re5 Rxe3 67. Kc4 Re1 68. Re7+ Kb8 69. Kd5 e3 70. Kd6 e2 71. d5 Ka8 72. Kc7 Rc1 73. Rxe2 Rxc5+ 74. Kb6 Rc8 75. Re3 Kb8 76. Re7 Rd8 77. Rxb7+ Kc8 78. Rc7+ Kb8 79. Rh7 Rd6+ 80. Kc5 Ra6 81. Re7 Kc8 82. Re6 Ra1 83. Kd6 Kd8 84. Re2 Ra6+ 85. Ke5 Rh6 86. Rg2 Ra6 87. Rg8+ Kd7 88. Rg7+ Kd8 89. Rh7 Rb6 90. Kd4 Ra6 91. Kc5 Rg6 92. d6 Rg1 93. Rh8+ Kd7 94. Rh7+ Kd8 95. Rh8+ 1/2-1/2

[Event "Golden Sands Europe op 2nd"]
[Site "Golden Sands"]
[Date "2013.06.16"]
[Round "7"]
[White "Ivelinov, Hristo"]
[Black "Dimitrov, Atanas Valtchev"]
[Result "1-0"]
[WhiteElo "2180"]
[BlackElo "2349"]
[PlyCount "62"]
[EventDate "2013.06.10"]
[EventType "swiss"]
[EventRounds "9"]
[EventCountry "BUL"]
[SourceTitle "CBM 154 Extra"]
[Source "ChessBase"]
[SourceDate "2013.06.25"]
[SourceVersion "2"]
[SourceVersionDate "2013.06.25"]
[SourceQuality "1"]

1. d4 Nf6 2. c4 e6 3. Nc3 Bb4 4. Bg5 c5 5. d5 d6 6. e3 exd5 7. cxd5 Nbd7 8. Bd3 Qa5 9. Nge2 Nxd5 10. Qc2 h6 11. Bh4 0-0 12. 0-0 Bxc3 13. bxc3 Re8 14. Rfd1 Nf8 15. Be4 Nb6 16. Rxd6 Nc4 17. Rdd1 Na3 18. Qd3 Qa4 19. f3 Be6 20. Nf4 Bc4 21. Qd6 Nb5 22. Qxc5 Nxc3 23. Rd4 Nxe4 24. fxe4 Rac8 25. Qh5 Qc2 26. Nd5 Ng6 27. Bf2 Rxe4 28. Qf5 Bxd5 29. Qxd5 Re7 30. Rd2 Qc6 31. Qf5 Qc5 1-0

[Event "Golden Sands Europe op 2nd"]
[Site "Golden Sands"]
[Date "2013.06.12"]
[Round "3"]
[White "Ivelinov, Hristo"]
[Black "Cvetkovic, Srdjan"]
[Result "0-1"]
[WhiteElo "2180"]
[BlackElo "2387"]
[PlyCount "65"]
[EventDate "2013.06.10"]
[EventType "swiss"]
[EventRounds "9"]
[EventCountry "BUL"]
[SourceTitle "CBM 154 Extra"]
[Source "ChessBase"]
[SourceDate "2013.06.25"]
[SourceVersion "2"]
[SourceVersionDate "2013.06.25"]
[SourceQuality "1"]

1. d4 Nf6 2. c4 e6 3. Nc3 Bb4 4. Bg5 h6 5. Bh4 c5 6. d5 d6 7. e3 Bxc3+ 8. bxc3 e5 9. Qc2 g5 10. Bg3 e4 11. h4 Rg8 12. hxg5 hxg5 13. f4 gxf4 14. Bxf4 Qe7 15. Ne2 Bf5 16. Ng3 Bg6 17. Rb1 Kd8 18. Be2 Kc7 19. Qa4 b6 20. Rxb6 Kxb6 21. Qb5+ Kc7 22. Qxc5+ Kd8 23. Bxd6 Qb7 24. 0-0 Nbd7 25. Qd4 Ne8 26. Bb4 a5 27. Ba3 Rc8 28. Bg4 Qc7 29. Bxd7 Kxd7 30. Nxe4 Qxc4 31. Nc5+ Rxc5 32. Bxc5 Qxd4 33. exd4 0-1

[Event "Golden Sands Europe op 2nd"]
[Site "Golden Sands"]
[Date "2013.06.10"]
[Round "1"]
[White "Ivelinov, Hristo"]
[Black "Shyam, Sundar M"]
[Result "0-1"]
[WhiteElo "2180"]
[BlackElo "2502"]
[PlyCount "80"]
[EventDate "2013.06.10"]
[EventType "swiss"]
[EventRounds "9"]
[EventCountry "BUL"]
[SourceTitle "CBM 154 Extra"]
[Source "ChessBase"]
[SourceDate "2013.06.25"]
[SourceVersion "2"]
[SourceVersionDate "2013.06.25"]
[SourceQuality "1"]

1. d4 Nf6 2. c4 e6 3. Nc3 Bb4 4. Bg5 h6 5. Bh4 c5 6. d5 d6 7. e3 Bxc3+ 8. bxc3 e5 9. Qc2 g5 10. Bg3 e4 11. Qa4+ Kf8 12. Be2 Qe7 13. Bd1 Nbd7 14. h3 Ne5 15. Bxe5 Qxe5 16. Ne2 Kg7 17. Rb1 Bd7 18. Qa5 b6 19. Qa3 Rhb8 20. Ba4 b5 21. cxb5 Nxd5 22. c4 Nb6 23. Bb3 a6 24. bxa6 Nxc4 25. Qc1 Na5 26. 0-0 Bb5 27. Bd1 Bxa6 28. f4 exf3 29. Rxf3 Rxb1 30. Qxb1 Bb7 31. Ng3 Bxf3 32. Nf5+ Kf6 33. Bxf3 Re8 34. Nxh6 Qxe3+ 35. Kf1 Qf4 36. Kg1 Nc4 37. Qh7 Ne5 38. Bc6 Rb8 39. Ng8+ Rxg8 40. Qxg8 Nxc6 0-1

[Event "Albena Masters op"]
[Site "Albena"]
[Date "2013.06.07"]
[Round "7"]
[White "Chigladze, Iveri"]
[Black "Ivelinov, Hristo"]
[Result "1-0"]
[WhiteElo "2396"]
[BlackElo "2180"]
[PlyCount "77"]
[EventDate "2013.06.01"]
[EventType "swiss"]
[EventRounds "9"]
[EventCountry "BUL"]
[SourceTitle "CBM 154 Extra"]
[Source "ChessBase"]
[SourceDate "2013.06.25"]
[SourceVersion "2"]
[SourceVersionDate "2013.06.25"]
[SourceQuality "1"]

1. d4 Nf6 2. c4 e6 3. Nc3 Bb4 4. Qc2 0-0 5. a3 Bxc3+ 6. Qxc3 b6 7. Bg5 Ba6 8. e3 d6 9. Bd3 Nbd7 10. b4 c5 11. dxc5 bxc5 12. Ne2 Qc7 13. 0-0 Rac8 14. b5 Bb7 15. f3 d5 16. Rfd1 e5 17. cxd5 Nxd5 18. Qc1 N7b6 19. a4 f6 20. Bh4 Nb4 21. Bf5 Rcd8 22. a5 N6d5 23. Bf2 Ne7 24. Be6+ Kh8 25. Qc4 Rxd1+ 26. Rxd1 Rd8 27. Rb1 Nd3 28. a6 Ba8 29. e4 Nc8 30. Bxc8 Nxf2 31. Kxf2 Rxc8 32. Rd1 h6 33. Ng3 Rf8 34. h4 g6 35. h5 f5 36. exf5 gxf5 37. Qe6 f4 38. Nf5 Qh7 39. Rd7 1-0

[Event "Veliko Tarnovo op"]
[Site "Veliko Tarnovo"]
[Date "2013.05.05"]
[Round "8"]
[White "Dereshki, Dario"]
[Black "Ivelinov, Hristo"]
[Result "1/2-1/2"]
[WhiteElo "1957"]
[BlackElo "2217"]
[PlyCount "26"]
[EventDate "2013.05.01"]
[EventType "swiss"]
[EventRounds "9"]
[EventCountry "BUL"]
[SourceTitle "CBM 154 Extra"]
[Source "ChessBase"]
[SourceDate "2013.06.25"]
[SourceVersion "2"]
[SourceVersionDate "2013.06.25"]
[SourceQuality "1"]

1. d4 d5 2. Nf3 Nf6 3. c4 c6 4. Nc3 dxc4 5. a4 Bg4 6. e3 e6 7. Bxc4 Na6 8. Bxa6 bxa6 9. Qd3 Bxf3 10. gxf3 Qa5 11. Bd2 Bb4 12. Rg1 0-0 13. e4 Rfd8 1/2-1/2

[Event "Veliko Tarnovo op"]
[Site "Veliko Tarnovo"]
[Date "2013.05.05"]
[Round "7"]
[White "Ivelinov, Hristo"]
[Black "Ivanova, Simoneta"]
[Result "1/2-1/2"]
[WhiteElo "2217"]
[BlackElo "2006"]
[PlyCount "100"]
[EventDate "2013.05.01"]
[EventType "swiss"]
[EventRounds "9"]
[EventCountry "BUL"]
[SourceTitle "CBM 154 Extra"]
[Source "ChessBase"]
[SourceDate "2013.06.25"]
[SourceVersion "2"]
[SourceVersionDate "2013.06.25"]
[SourceQuality "1"]

1. d4 d5 2. c4 dxc4 3. Qa4+ c6 4. Qxc4 Nf6 5. Nf3 h6 6. Nc3 Bf5 7. g3 e6 8. Bg2 Be7 9. 0-0 0-0 10. Ne5 Nbd7 11. e4 Bh7 12. Nxd7 Qxd7 13. Rd1 Rac8 14. Bf4 Rfd8 15. Rac1 Qe8 16. Qa4 b5 17. Qc2 c5 18. dxc5 Bxc5 19. Rxd8 Rxd8 20. Qe2 e5 21. Be3 Bxe3 22. Qxe3 a6 23. Qb6 Rb8 24. Qxa6 b4 25. Nd5 Nxe4 26. Nxb4 Qd7 27. Qc6 Bf5 28. Bxe4 Rxb4 29. Bxf5 Qxf5 30. Qc8+ Qxc8 31. Rxc8+ Kh7 32. Rc2 Kg6 33. Kf1 f5 34. Ke2 f4 35. b3 fxg3 36. fxg3 Kf5 37. Ke3 h5 38. Rb2 h4 39. a4 hxg3 40. hxg3 Kg4 41. a5 Kxg3 42. Kd3 Kf3 43. Kc3 Rb8 44. Rh2 e4 45. Rh3+ Kf2 46. Rh2+ Kf3 47. Rh3+ Kf2 48. Rh2+ Kf3 49. Rh3+ Kf2 50. Rh2+ Kf3 1/2-1/2

[Event "Veliko Tarnovo op"]
[Site "Veliko Tarnovo"]
[Date "2013.05.01"]
[Round "1"]
[White "Ivelinov, Hristo"]
[Black "Mihtis, Theodoros"]
[Result "1-0"]
[WhiteElo "2217"]
[BlackElo "1806"]
[PlyCount "57"]
[EventDate "2013.05.01"]
[EventType "swiss"]
[EventRounds "9"]
[EventCountry "BUL"]
[SourceTitle "CBM 154 Extra"]
[Source "ChessBase"]
[SourceDate "2013.06.25"]
[SourceVersion "2"]
[SourceVersionDate "2013.06.25"]
[SourceQuality "1"]

1. d4 d5 2. c4 e6 3. Nc3 c5 4. cxd5 exd5 5. Nf3 Nc6 6. g3 Nf6 7. Bg2 Be7 8. 0-0 0-0 9. Be3 c4 10. Ne5 Bf5 11. h3 Rc8 12. g4 Be6 13. f4 Bb4 14. f5 Bxc3 15. bxc3 Bd7 16. Rb1 Ne4 17. Bxe4 dxe4 18. Rxb7 Qh4 19. Kh2 Nxe5 20. dxe5 Bc6 21. Rxa7 Rb8 22. Qd6 Rb2 23. Rf2 h5 24. g5 Rc2 25. Qxc6 Rxc3 26. Qc5 Rd8 27. Qe7 Rf8 28. f6 g6 29. Qxf8+ 1-0

[Event "BUL-chT-A 62nd"]
[Site "Sunny Beach"]
[Date "2012.09.19"]
[Round "1.2"]
[White "Miton, Kamil"]
[Black "Ivelinov, Hristo"]
[Result "1-0"]
[WhiteElo "2614"]
[BlackElo "2233"]
[PlyCount "69"]
[EventDate "2012.09.19"]
[EventType "team-tourn"]
[EventRounds "7"]
[EventCountry "BUL"]
[SourceTitle "CBM 150 Extra"]
[Source "ChessBase"]
[SourceDate "2012.10.19"]
[SourceVersion "1"]
[SourceVersionDate "2012.10.19"]
[SourceQuality "1"]
[WhiteTeam "Razgrad Abritus"]
[BlackTeam "Jambol Tundja"]
[WhiteTeamCountry "BUL"]
[BlackTeamCountry "BUL"]

1. d4 d5 2. Nf3 Nf6 3. c4 c6 4. Nc3 dxc4 5. a4 Bg4 6. Ne5 Bh5 7. g3 a5 8. Bg2 e6 9. Nxc4 Na6 10. 0-0 Be7 11. Bg5 h6 12. Bxf6 Bxf6 13. Ne4 Be7 14. Ne5 f6 15. Bf3 Bxf3 16. Nxf3 Qd5 17. Nc3 Qd7 18. Qb3 0-0 19. e4 Nb4 20. Rad1 Rad8 21. Rfe1 Rfe8 22. Nd2 Kh8 23. Nc4 Qc7 24. Rd2 Rd7 25. Red1 Bf8 26. Kg2 Red8 27. h4 Qb8 28. Ne2 Qa7 29. Nf4 Re8 30. Ne3 c5 31. d5 exd5 32. Nexd5 Nxd5 33. Rxd5 Rxd5 34. Qxd5 Qb6 35. Qf7 1-0